000 00220 a2200085 4500
020 _a‎ 9783836544375
100 _a Neil Jackson
245 _aPierre Koenig 1925-2004: Living With Steel
260 _bTaschen America Llc
_c2017
999 _c13381
_d13381